|
|
|
|
| LEADER |
01560nam a2200337 a 4500 |
| 001 |
27802 |
| 003 |
BD-DhAAL |
| 005 |
20131230120548.0 |
| 008 |
131230s2009 enka b 001 0 eng d |
| 010 |
|
|
|a 2010275023
|
| 020 |
|
|
|a 9781403986306 (alk. paper)
|
| 020 |
|
|
|a 1403986304 (alk. paper)
|
| 020 |
|
|
|a 9781403986313 (pbk. : alk. paper)
|
| 020 |
|
|
|a 1403986312 (pbk. : alk. paper)
|
| 040 |
|
|
|a UKM
|c UKM
|d C#P
|d BWX
|d DLC
|d BD-DhAAL
|
| 050 |
0 |
0 |
|a HM258
|b .S657 2009
|
| 082 |
0 |
4 |
|a 302.2
|2 22
|
| 100 |
1 |
|
|a Spencer-Oatey, Helen,
|d 1952-
|9 3622
|
| 245 |
1 |
0 |
|a Intercultural interaction :
|b a multidisciplinary approach to intercultural communication /
|c Helen Spencer-Oatey and Peter Franklin.
|
| 260 |
|
|
|a Houndmills, Basingstoke, Hampshire ;
|a New York :
|b Palgrave Macmillan,
|c 2009.
|
| 300 |
|
|
|a xv, 367 p. :
|b ill. ;
|c 22 cm.
|
| 490 |
1 |
|
|a Research and practice in applied linguistics
|
| 504 |
|
|
|a Includes bibliographical references (p. 326-352) and index.
|
| 541 |
|
|
|e 27802, 27803
|
| 650 |
|
0 |
|a Intercultural communication.
|9 3623
|
| 700 |
1 |
|
|a Franklin, Peter,
|d 1955-
|9 3624
|
| 830 |
|
0 |
|a Research and practice in applied linguistics.
|9 3625
|
| 942 |
|
|
|2 ddc
|c BK
|
| 999 |
|
|
|c 14117
|d 14117
|
| 952 |
|
|
|0 0
|1 0
|2 ddc
|4 0
|6 302_200000000000000_SPE
|7 0
|9 23767
|a BRACUL
|b BRACUL
|c GEN
|d 2013-12-30
|e Trim Education
|g 5156.00
|l 1
|m 2
|o 302.2 SPE
|p 3010027802
|r 2025-08-04
|s 2024-01-24
|t 1
|w 2013-12-30
|y BK
|
| 952 |
|
|
|0 0
|1 0
|2 ddc
|4 0
|6 302_200000000000000_SPE
|7 0
|9 23768
|a BRACUL
|b BRACUL
|c GEN
|d 2013-12-30
|e Trim Education
|g 5156.00
|l 0
|o 302.2 SPE
|p 3010027803
|r 2013-12-30
|t 2
|w 2013-12-30
|y BK
|